[Event "84th ESP-ch 2019"]
[Site "Marbella"]
[Date "2019.11.19"]
[Round "4.38"]
[White "Vega Gutierrez, Belinda"]
[Black "Moreno Latorre, Fco Jose"]
[Result "1-0"]
[WhiteElo "2161"]
[BlackElo "1875"]
[Annotator "ChessBase"]
[PlyCount "65"]
[EventDate "2019.11.16"]
[EventType "swiss"]
[EventCountry "ESP"]
[SourceTitle "playchess.com"]
[Source "ChessBase"]
[SourceQuality "1"]
[TimeControl "5400+30"]

1. e4 {[%emt 0:00:00]} g6 {[%emt 0:00:40]} 2. d4 {[%emt 0:00:21]} Bg7 {[%emt 0:00:13]} 3. Nc3 {[%emt 0:01:34]} a6 {[%emt 0:00:17]} 4. Nf3 {[%emt 0:02:59]} b5 {[%emt 0:01:11]} 5. Bd3 {[%emt 0:00:18]} Bb7 {[%emt 0:00:34]} 6. Ne2 {[%emt 0:01:40]} d6 {[%emt 0:05:49]} 7. h4 {[%emt 0:09:01]} h6 {[%emt 0:02:29]} 8. Ng3 {[%emt 0:12:02]} e6 {[%emt 0:05:39]} 9. c3 {[%emt 0:00:42]} Nd7 {[%emt 0:08:13]} 10. Be3 {[%emt 0:06:27]} c5 {[%emt 0:06:26]} 11. Qe2 {[%emt 0:08:09]} Ne7 {[%emt 0:02:43]} 12. O-O-O {[%emt 0:07:34]} b4 {[%emt 0:04:35]} 13. cxb4 {[%emt 0:00:53]} cxb4 {[%emt 0:01:55]} 14. Kb1 {[%emt 0:00:38]} a5 {[%emt 0:19:52]} 15. Nd2 {[%emt 0:17:02]} Nc6 {[%emt 0:19:12]} 16. d5 {[%emt 0:05:39]} Nd4 {[%emt 0:03:00]} 17. Bxd4 {[%emt 0:13:41]} Bxd4 {[%emt 0:00:02]} 18. dxe6 {[%emt 0:00:11]} fxe6 {[%emt 0:00:22]} 19. Nf3 {[%emt 0:06:54]} Bg7 {[%emt 0:01:10]} 20. Bb5 {[%emt 0:01:33]} Qe7 {[%emt 0:05:11]} 21. Rc1 {[%emt 0:01:57]} Rc8 {[%emt 0:05:04]} 22. Rxc8+ {[%emt 0:00:32]} Bxc8 {[%emt 0:00:01]} 23. Rc1 {[%emt 0:00:10]} O-O {[%emt 0:00:56]} 24. Rc7 {[%emt 0:01:11]} Qd8 {[%emt 0:01:51]} 25. Rc1 {[%emt 0:00:29]} Nc5 {[%emt 0:02:18]} 26. e5 {[%emt 0:00:26]} a4 {[%emt 0:01:52]} 27. Qc2 {[%emt 0:00:40]} b3 {[%emt 0:00:17]} 28. Qxg6 {[%emt 0:00:32]} bxa2+ {[%emt 0:00:33]} 29. Kxa2 {[%emt 0:00:01]} Nb3 {[%emt 0:00:41]} 30. Rd1 {[%emt 0:00:16]} Qc7 {[%emt 0:01:14]} 31. Nh5 {[%emt 0:00:59]} dxe5 {[%emt 0:00:28]} 32. Rd7 {[%emt 0:00:27]} Nc1+ {[%emt 0:00:38]} 33. Kb1 {[%emt 0:00:07]} 1-0

[Event "84th ESP-ch 2019"]
[Site "Marbella"]
[Date "2019.11.19"]
[Round "4.39"]
[White "Luque Saiz, Andres"]
[Black "Galan Benitez, Francisco Jesus"]
[Result "1-0"]
[WhiteElo "2140"]
[BlackElo "1603"]
[Annotator "ChessBase"]
[PlyCount "87"]
[EventDate "2019.11.16"]
[EventType "swiss"]
[EventCountry "ESP"]
[SourceTitle "playchess.com"]
[Source "ChessBase"]
[SourceQuality "1"]
[TimeControl "5400+30"]

1. e4 c5 {[%emt 0:03:09]} 2. Nf3 {[%emt 0:00:00]} g6 {[%emt 0:00:06]} 3. d4 {[%emt 0:00:35]} cxd4 {[%emt 0:00:02]} 4. Nxd4 {[%emt 0:02:31]} Nc6 {[%emt 0:00:36]} 5. Nc3 {[%emt 0:01:00]} Bg7 {[%emt 0:00:19]} 6. Nf3 {[%emt 0:01:49]} Nf6 {[%emt 0:02:52]} 7. Bc4 {[%emt 0:01:44]} O-O {[%emt 0:05:50]} 8. O-O {[%emt 0:00:42]} a6 {[%emt 0:05:36]} 9. Re1 {[%emt 0:03:47]} b5 {[%emt 0:05:45]} 10. Bb3 {[%emt 0:03:10]} Bb7 {[%emt 0:08:41]} 11. Bg5 {[%emt 0:02:48]} h6 {[%emt 0:17:10]} 12. Bf4 {[%emt 0:08:31]} Nh5 {[%emt 0:03:07]} 13. Be3 {[%emt 0:00:23]} Nf6 {[%emt 0:09:34]} 14. h3 {[%emt 0:08:24]} d6 {[%emt 0:06:02]} 15. Nd5 {[%emt 0:21:09]} Nd7 {[%emt 0:01:10]} 16. c3 {[%emt 0:03:49]} Na5 {[%emt 0:04:36]} 17. Bd4 {[%emt 0:02:52]} Nxb3 {[%emt 0:06:39]} 18. Qxb3 {[%emt 0:04:52]} Nc5 {[%emt 0:00:54]} 19. Qc2 {[%emt 0:00:49]} Bxd4 {[%emt 0:04:09]} 20. cxd4 {[%emt 0:02:21]} Nd7 {[%emt 0:02:28]} 21. Qb3 {[%emt 0:05:10]} Nb6 {[%emt 0:01:47]} 22. Nf4 {[%emt 0:01:25]} Kh7 {[%emt 0:01:26]} 23. Rad1 {[%emt 0:02:43]} Qd7 {[%emt 0:02:57]} 24. Qd3 {[%emt 0:02:12]} Nc4 {[%emt 0:03:35]} 25. Re2 {[%emt 0:00:57]} Kg7 {[%emt 0:01:45]} 26. b3 {[%emt 0:00:47]} Nb6 {[%emt 0:00:02]} 27. Nh4 {[%emt 0:03:56]} e6 {[%emt 0:02:12]} 28. Qg3 {[%emt 0:02:28]} g5 {[%emt 0:00:57]} 29. Nh5+ {[%emt 0:02:40]} Kh8 {[%emt 0:00:09]} 30. f4 {[%emt 0:01:16]} Rg8 {[%emt 0:00:49]} 31. Nf6 {[%emt 0:02:23]} Qe7 {[%emt 0:00:34]} 32. Nxg8 {[%emt 0:00:17]} Rxg8 {[%emt 0:00:06]} 33. Nf3 {[%emt 0:00:30]} f6 {[%emt 0:00:46]} 34. fxg5 {[%emt 0:00:43]} fxg5 {[%emt 0:00:06]} 35. e5 {[%emt 0:00:10]} Bxf3 36. Qxf3 {[%emt 0:00:19]} dxe5 {[%emt 0:01:20]} 37. Rxe5 {[%emt 0:00:28]} Rf8 {[%emt 0:00:29]} 38. Qe3 {[%emt 0:00:21]} Rf6 {[%emt 0:00:42]} 39. d5 {[%emt 0:00:35]} Nd7 40. Rxe6 {[%emt 0:00:18]} Rxe6 {[%emt 0:00:49]} 41. Qxe6 {[%emt 0:00:20]} Qxe6 {[%emt 0:00:42]} 42. dxe6 {[%emt 0:00:04]} Nf6 {[%emt 0:00:15]} 43. Rf1 {[%emt 0:00:20]} Kg7 {[%emt 0:00:21]} 44. e7 {[%emt 0:00:05]} 1-0

[Event "84th ESP-ch 2019"]
[Site "Marbella"]
[Date "2019.11.19"]
[Round "4.40"]
[White "Maldonado Mena, German"]
[Black "Medarde Santiago, Luis Marcos"]
[Result "1/2-1/2"]
[WhiteElo "1840"]
[BlackElo "2285"]
[Annotator "ChessBase"]
[PlyCount "119"]
[EventDate "2019.11.16"]
[EventType "swiss"]
[EventCountry "ESP"]
[SourceTitle "playchess.com"]
[Source "ChessBase"]
[SourceQuality "1"]
[TimeControl "5400+30"]

1. d4 {[%emt 0:00:00]} Nf6 {[%emt 0:03:44]} 2. c4 {[%emt 0:00:00]} d6 {[%emt 0:00:06]} 3. Nc3 {[%emt 0:00:09]} e5 {[%emt 0:00:03]} 4. Nf3 {[%emt 0:00:44]} e4 {[%emt 0:00:20]} 5. Ng5 {[%emt 0:00:30]} Bf5 {[%emt 0:00:18]} 6. Qc2 {[%emt 0:01:55]} Qe7 {[%emt 0:27:04]} 7. f3 {[%emt 0:01:57]} Bg6 {[%emt 0:13:12]} 8. Ngxe4 {[%emt 0:04:26]} Nxe4 {[%emt 0:00:53]} 9. fxe4 {[%emt 0:07:50]} Nd7 {[%emt 0:10:23]} 10. g3 {[%emt 0:04:45]} Qd8 {[%emt 0:08:08]} 11. Bg2 {[%emt 0:05:42]} c6 {[%emt 0:00:03]} 12. h4 {[%emt 0:01:46]} h5 {[%emt 0:05:09]} 13. Bf4 {[%emt 0:01:10]} Be7 {[%emt 0:01:18]} 14. O-O {[%emt 0:03:37]} O-O {[%emt 0:03:29]} 15. e3 {[%emt 0:02:08]} Re8 {[%emt 0:00:34]} 16. Qb3 {[%emt 0:01:21]} Qb6 {[%emt 0:06:49]} 17. Rf2 {[%emt 0:11:16]} Nf6 {[%emt 0:00:42]} 18. Bf3 {[%emt 0:05:57]} Nd7 {[%emt 0:00:19]} 19. Raf1 {[%emt 0:03:05]} Qxb3 {[%emt 0:00:37]} 20. axb3 {[%emt 0:00:09]} Bf8 {[%emt 0:02:18]} 21. Bg2 {[%emt 0:03:03]} Nf6 {[%emt 0:02:46]} 22. Bg5 {[%emt 0:01:50]} Ng4 {[%emt 0:02:13]} 23. Re2 {[%emt 0:04:37]} a6 {[%emt 0:00:43]} 24. Ra1 {[%emt 0:02:55]} b5 {[%emt 0:01:48]} 25. e5 {[%emt 0:01:56]} Rec8 {[%emt 0:03:36]} 26. d5 {[%emt 0:16:51]} dxe5 {[%emt 0:01:28]} 27. dxc6 {[%emt 0:07:25]} bxc4 {[%emt 0:00:40]} 28. c7 {[%emt 0:01:46]} e4 {[%emt 0:01:13]} 29. Bf4 {[%emt 0:02:07]} Nf6 {[%emt 0:02:26]} 30. Bh3 {[%emt 0:00:25]} Ng4 {[%emt 0:00:21]} 31. Nd5 {[%emt 0:00:14]} Ra7 {[%emt 0:01:28]} 32. Bxg4 {[%emt 0:03:21]} hxg4 {[%emt 0:00:07]} 33. Nb6 {[%emt 0:01:00]} Rcxc7 {[%emt 0:00:00]} 34. Bxc7 {[%emt 0:00:16]} Rxc7 {[%emt 0:00:02]} 35. Nxc4 {[%emt 0:00:19]} Ra7 {[%emt 0:02:20]} 36. Ra5 {[%emt 0:00:32]} Bb4 {[%emt 0:00:19]} 37. Rd5 {[%emt 0:00:16]} f6 {[%emt 0:00:20]} 38. Rc2 {[%emt 0:00:54]} Bf7 {[%emt 0:00:59]} 39. Rd8+ {[%emt 0:00:21]} Kh7 {[%emt 0:00:01]} 40. Nd2 {[%emt 0:00:51]} f5 {[%emt 0:00:57]} 41. Rcc8 {[%emt 0:00:31]} Be6 {[%emt 0:00:37]} 42. Rb8 {[%emt 0:00:29]} Bc5 {[%emt 0:00:19]} 43. Kf2 {[%emt 0:00:06]} Rc7 {[%emt 0:00:42]} 44. Nc4 {[%emt 0:00:31]} Be7 {[%emt 0:00:19]} 45. Re8 {[%emt 0:00:48]} Bxc4 {[%emt 0:00:45]} 46. bxc4 {[%emt 0:00:05]} Rd7 {[%emt 0:00:21]} 47. Ke2 {[%emt 0:00:53]} a5 {[%emt 0:00:10]} 48. Rb5 {[%emt 0:00:10]} Bb4 {[%emt 0:00:40]} 49. Rd5 {[%emt 0:00:02]} Rc7 {[%emt 0:00:02]} 50. Rd4 {[%emt 0:01:25]} Bc5 {[%emt 0:00:28]} 51. Rdd8 {[%emt 0:00:11]} Ba7 {[%emt 0:01:19]} 52. Rd5 {[%emt 0:00:51]} Rxc4 {[%emt 0:00:09]} 53. Rd2 {[%emt 0:00:30]} Rb4 {[%emt 0:00:26]} 54. Ra8 {[%emt 0:00:23]} Bb6 {[%emt 0:00:33]} 55. Rc8 {[%emt 0:00:01]} Rb5 {[%emt 0:00:40]} 56. Rc3 {[%emt 0:01:02]} a4 {[%emt 0:00:37]} 57. Rc4 {[%emt 0:00:23]} Rb3 {[%emt 0:00:12]} 58. Rc3 {[%emt 0:00:03]} Rb5 {[%emt 0:00:03]} 59. Rdc2 {[%emt 0:00:38]} Rb4 {[%emt 0:01:06]} 60. Rc4 {[%emt 0:00:59]} 1/2-1/2

[Event "84th ESP-ch 2019"]
[Site "Marbella"]
[Date "2019.11.19"]
[Round "4.41"]
[White "Rodriguez Lopez, Rafael"]
[Black "Mohamed Garcia, Ismael"]
[Result "0-1"]
[WhiteElo "2228"]
[BlackElo "1825"]
[Annotator "ChessBase"]
[PlyCount "94"]
[EventDate "2019.11.16"]
[EventType "swiss"]
[EventCountry "ESP"]
[SourceTitle "playchess.com"]
[Source "ChessBase"]
[SourceQuality "1"]
[TimeControl "5400+30"]

1. e4 {[%emt 0:00:00]} d6 {[%emt 0:00:00]} 2. d4 {[%emt 0:00:00]} Nf6 {[%emt 0:00:06]} 3. Nc3 {[%emt 0:00:00]} e5 {[%emt 0:01:15]} 4. Nf3 {[%emt 0:00:00]} Nbd7 {[%emt 0:00:54]} 5. Bc4 {[%emt 0:00:07]} Be7 {[%emt 0:00:17]} 6. a4 {[%emt 0:00:06]} O-O {[%emt 0:00:18]} 7. O-O {[%emt 0:00:06]} exd4 {[%emt 0:00:41]} 8. Nxd4 {[%emt 0:00:26]} Re8 {[%emt 0:00:14]} 9. a5 {[%emt 0:00:27]} Bf8 {[%emt 0:00:51]} 10. Re1 {[%emt 0:00:39]} c6 {[%emt 0:02:25]} 11. h3 {[%emt 0:00:46]} Nc5 {[%emt 0:13:39]} 12. Bg5 {[%emt 0:06:33]} h6 {[%emt 0:00:18]} 13. Bxf6 {[%emt 0:00:10]} Qxf6 {[%emt 0:00:11]} 14. Re3 {[%emt 0:00:16]} Be6 {[%emt 0:10:39]} 15. Nxe6 {[%emt 0:00:22]} Nxe6 {[%emt 0:00:40]} 16. Qb1 {[%emt 0:08:13]} b5 {[%emt 0:00:54]} 17. Ba2 {[%emt 0:04:40]} Ng5 {[%emt 0:07:39]} 18. h4 {[%emt 0:00:33]} Ne6 {[%emt 0:00:30]} 19. g3 {[%emt 0:00:10]} a6 {[%emt 0:04:07]} 20. Kg2 {[%emt 0:00:13]} Ra7 {[%emt 0:02:55]} 21. Qd1 {[%emt 0:02:12]} Nc5 {[%emt 0:07:38]} 22. b4 {[%emt 0:00:27]} Ne6 {[%emt 0:01:06]} 23. Rd3 {[%emt 0:02:04]} g5 {[%emt 0:12:40]} 24. hxg5 {[%emt 0:00:57]} Nxg5 {[%emt 0:03:07]} 25. f3 {[%emt 0:01:37]} d5 {[%emt 0:03:56]} 26. e5 {[%emt 0:10:25]} Qe6 {[%emt 0:00:50]} 27. f4 {[%emt 0:00:13]} Qh3+ {[%emt 0:03:04]} 28. Kg1 {[%emt 0:00:05]} Bxb4 {[%emt 0:03:13]} 29. Ne2 {[%emt 0:04:05]} Bc5+ {[%emt 0:00:22]} 30. Nd4 {[%emt 0:00:04]} Bxd4+ {[%emt 0:00:27]} 31. Rxd4 {[%emt 0:00:03]} Qxg3+ {[%emt 0:00:12]} 32. Kh1 {[%emt 0:00:19]} Nf3 {[%emt 0:02:41]} 33. Qg1 {[%emt 0:00:30]} Nxg1 {[%emt 0:00:28]} 34. Rxg1 {[%emt 0:00:04]} Qxg1+ {[%emt 0:00:36]} 35. Kxg1 {[%emt 0:00:04]} Re6 {[%emt 0:00:17]} 36. Kf2 {[%emt 0:00:10]} f6 {[%emt 0:00:29]} 37. Rxd5 {[%emt 0:00:22]} cxd5 {[%emt 0:01:21]} 38. Bxd5 {[%emt 0:00:05]} fxe5 {[%emt 0:00:19]} 39. Bxe6+ {[%emt 0:00:18]} Kg7 {[%emt 0:00:18]} 40. fxe5 {[%emt 0:00:11]} Re7 {[%emt 0:01:08]} 41. Bc8 {[%emt 0:00:05]} Rxe5 {[%emt 0:00:09]} 42. Bxa6 {[%emt 0:00:05]} b4 {[%emt 0:00:09]} 43. Bd3 {[%emt 0:00:55]} Rxa5 {[%emt 0:00:12]} 44. Ke3 {[%emt 0:00:05]} Rc5 {[%emt 0:00:34]} 45. Kd4 {[%emt 0:00:07]} Rc3 {[%emt 0:00:22]} 46. Be4 {[%emt 0:00:29]} Kf6 {[%emt 0:00:14]} 47. Kd5 {[%emt 0:00:05]} h5 {[%emt 0:00:32]} 0-1

[Event "84th ESP-ch 2019"]
[Site "Marbella"]
[Date "2019.11.19"]
[Round "4.42"]
[White "Lopez Capape, Armando"]
[Black "Jaime Montalvan, Luis Felipe"]
[Result "0-1"]
[WhiteElo "1833"]
[BlackElo "2167"]
[Annotator "TA"]
[PlyCount "132"]
[EventDate "2019.11.16"]
[EventType "swiss"]
[EventCountry "ESP"]
[SourceTitle "playchess.com"]
[Source "ChessBase"]
[SourceQuality "1"]

{[%evp 13,132,23,31,0,0,0,0,0,0,0,0,0,-1,-7,-8,-32,-28,-56,-37,-25,-42,-35,-29,-41,-29,-29,-41,-30,-26,-52,-11,-872,-47,-552,0,0,0,0,0,0,0,4,4,0,0,0,9,0,15,0,20,20,22,0,31,22,24,0,0,0,0,0,0,-3,1,0,0,0,0,0,0,0,0,-58,-51,-720,15,0,0,-52,-63,-139,0,0,0,-93,0,-208,-135,-300,0,-1976,-31,-227,-198,-270,-268,-238,-250,-689,-704,-645,-561,-1311,-1210,-29976,-29977,-29977,-29978,-29978,-29979,-29984,-29981,-29982,-29983,-29983,-29984,-29984,-29985,-29985,-29985]} 1. c4 e5 2. Nc3 Nf6 3. Nf3 d6 4. d4 Nbd7 5. e4 g6 6. Be2 Bg7 7. O-O O-O 8. b3 {E94: King's Indian: Classical: 6 Be2 e5 7 0-0: Various Black 7th moves} (8. Re1 Re8 9. Bf1 c6 10. d5 c5 11. g3 b6 12. a3 Re7 13. b4 Qf8 14. Bg5 Bh6 15. Bh4 Qg7 16. Ng5 Ne8 17. Rb1 Nf8 18. bxc5 bxc5 19. g4 {0-1 (42) So,W (2780)-Duda,J (2737) chess.com INT 2018}) 8... exd4 9. Nxd4 Re8 10. f3 {The position is equal.} c6 11. Bb2 d5 $146 ({Predecessor:} 11... Nh5 12. f4 Qf6 13. Na4 Rxe4 14. Nc2 Qe7 15. Bxh5 Bxb2 16. Nxb2 gxh5 17. Qxh5 {½-½ (39) Trzaska,P (2121)-Kusnetsov,M (2253) Herne 2012}) 12. cxd5 cxd5 13. exd5 Nb6 14. Bb5 Bd7 15. Qd2 Bxb5 16. Ndxb5 a6 17. Na3 $1 Nfxd5 18. Nxd5 {[#] Strongly threatening Bxg7.} Qxd5 19. Qxd5 Nxd5 20. Bxg7 Kxg7 21. Rfd1 Nf4 {next ...Re2 is good for Black.} 22. Rd3 $2 {[%mdl 8192]} (22. g3 $11 Ne2+ 23. Kf1) 22... Rac8 $2 (22... Nxd3 $19 23. Nc4 Re2) 23. Nc4 $2 {[%mdl 8192]} (23. Rd2 $15) 23... Ne2+ $2 (23... Nxd3 $19 24. Nd6 Rh8 25. Nxc8 Rxc8) 24. Kf2 {Nd6 is the strong threat.} Nf4 25. Rd2 {Hoping for Nd6.} Re7 26. g3 Ne6 27. Rad1 b5 28. Nd6 Rc6 29. h4 Nc7 30. Ne4 b4 31. g4 h6 32. Rd6 Rc2+ 33. R6d2 (33. R1d2 {keeps more tension.} Rxd2+ 34. Rxd2 Re5 35. Rd7 Ne8 36. Rb7) 33... Rxd2+ 34. Rxd2 $11 {[%mdl 4096] Endgame KRN-KRN} Nb5 35. Ng3 Nc3 36. Ne2 Rc7 37. Nf4 Rc6 38. Ne2 Nb1 39. Rb2 Na3 40. Rd2 Nb5 41. Ke3 Nc3 42. Nxc3 Rxc3+ {KR-KR} 43. Rd3 ({Better is} 43. Ke4 $11) 43... Rc2 $1 $15 44. Rd2 $2 {[%mdl 8192]} (44. Rd4 $15) 44... Rc3+ $2 (44... Rxd2 $19 45. Kxd2 Kf6) 45. Rd3 {Threatens to win with Rxc3.} Rc2 46. Rd4 (46. Rd2 $11 Rxd2 47. Kxd2) 46... a5 47. f4 (47. Rd5 $15) 47... Kf6 (47... Rxa2 $17 48. Rd5 Ra3) 48. Rd6+ $11 Ke7 49. Rd4 (49. Rd2 $11 {keeps the balance.} Rc3+ 50. Rd3) 49... h5 (49... Rxa2 $17 {And now ...Ra3 would win.} 50. Rd5 Rb2 51. Rxa5 Rxb3+ 52. Ke4 Rb1 53. Ra7+ Kf8) 50. g5 $2 (50. gxh5 $11 {and White has nothing to worry.} gxh5 51. Rd5) 50... Ke6 51. Kd3 $2 (51. Re4+ $17 Kf5 52. Re5+ Kg4 53. Rxa5) 51... Rc7 $2 (51... Rxa2 $19 {White must now prevent ...Kf5.} 52. Ke4 Rb2) 52. Rc4 $2 {[%mdl 8192] [#]} (52. Ke4 $11) 52... Rd7+ $2 (52... Rxc4 $1 $19 53. bxc4 a4) 53. Ke3 $2 (53. Ke4 $15) 53... Kf5 $19 54. Rc5+ (54. Kf2 $142) 54... Kg4 55. Rxa5 Kxh4 56. Rb5 $2 (56. Kf3) 56... Kg3 57. Rxb4 h4 58. Rb8 h3 59. a4 h2 {Black mates.} 60. Rh8 Rb7 61. Ke4 Rxb3 62. f5 Ra3 63. fxg6 fxg6 64. Ke5 Rxa4 65. Rxh2 Kxh2 66. Kf6 Ra6+ {Accuracy: White = 18%, Black = 57%.} 0-1

[Event "84th ESP-ch 2019"]
[Site "Marbella"]
[Date "2019.11.20"]
[Round "5.1"]
[White "Shirov, Alexei"]
[Black "Anton Guijarro, David"]
[Result "1/2-1/2"]
[WhiteElo "2666"]
[BlackElo "2686"]
[Annotator "TA"]
[PlyCount "71"]
[EventDate "2019.11.16"]
[EventType "swiss"]
[EventCountry "ESP"]
[SourceTitle "playchess.com"]
[Source "ChessBase"]
[SourceQuality "1"]

{[%evp 21,71,0,0,0,0,0,0,0,0,0,11,-46,-38,-39,-35,-43,-52,-51,-43,-28,-39,-52,-47,-92,-85,-101,-90,-72,-77,-97,-57,-54,-66,-202,-158,-214,-173,-138,-95,-86,0,0,0,0,0,0,0,0,0,0,0,0]} 1. e4 e5 2. Nf3 Nc6 3. Bb5 a6 4. Ba4 Nf6 5. O-O Nxe4 6. d4 b5 7. Bb3 d5 8. dxe5 Be6 9. Nbd2 Be7 10. c3 O-O 11. Re1 Nc5 12. Nd4 {C83: Open Ruy Lopez: 9 c3 Be7} Nxd4 13. cxd4 Nd3 14. Re3 Nxc1 15. Rxc1 a5 {[#]} 16. a4 $146 (16. Rec3 $11) ({Predecessor:} 16. Rec3) 16... Rb8 $36 {[%mdl 2048] Black has some pressure.} 17. axb5 Rxb5 18. Nf3 Qb8 19. Rec3 Rc8 20. h4 Rb4 21. Bc2 Rxb2 22. Rc6 Rb6 23. Rxe6 fxe6 24. Qd3 g6 {[#]} 25. h5 $1 {[%mdl 512]} Kg7 (25... gxh5 26. Qxh7+) 26. hxg6 h6 27. Nh2 (27. Ra1 $15) 27... Rf8 28. Ng4 (28. Nf1 $17 Bh4 29. g3) 28... Bg5 29. Rf1 Rc6 {White must now prevent ...Qb2.} 30. f4 {[#]} Rxf4 (30... h5 $1 $17 {Strongly threatening ...Qb2.} 31. fxg5 hxg4 32. Rf7+ Rxf7 33. gxf7 Rxc2 34. Qxc2 Qb4) 31. Rxf4 $11 {The position is equal.} Bxf4 32. Nf6 $1 {[%cal Rf6h5] Threatens to win with Nh5+.} Qb2 (32... Bg5 $5 33. Nh5+ $8 Kg8 34. Nf6+ Bxf6 35. exf6 {[#]} Rxc2 $1 {[%mdl 512]} 36. Qxc2 Qb4 $11) 33. Nh5+ Kg8 34. Nf6+ Kg7 35. Nh5+ Kg8 36. Nf6+ {Accuracy: White = 57%, Black = 88%.} 1/2-1/2

[Event "84th ESP-ch 2019"]
[Site "Marbella"]
[Date "2019.11.20"]
[Round "5.2"]
[White "Arizmendi Martinez, Julen Luis"]
[Black "Vallejo Pons, Francisco"]
[Result "0-1"]
[WhiteElo "2517"]
[BlackElo "2694"]
[Annotator "TA"]
[PlyCount "66"]
[EventDate "2019.11.16"]
[EventType "swiss"]
[EventCountry "ESP"]
[SourceTitle "playchess.com"]
[Source "ChessBase"]
[SourceQuality "1"]

{[%evp 13,66,16,44,17,33,29,36,25,32,-14,-14,0,-8,0,0,0,0,-34,-25,-36,-29,-60,-54,-60,-62,-63,-34,-53,-57,-85,-70,-67,-56,-209,-200,-206,-216,-214,-216,-229,-213,-228,-195,-254,-254,-296,-306,-401,-386,-389,-383,-343,-327,-389,-360]} 1. e4 c5 2. Nf3 e6 3. d4 cxd4 4. Nxd4 Nc6 5. Nc3 Qc7 6. g3 a6 7. Bg2 h5 8. O-O {B47: Sicilian: Taimanov: 5 Nc3 Qc7 6 f4, 6 g3 and 6 Be2} h4 9. Re1 hxg3 10. hxg3 {White is slightly better.} Ne5 (10... d6 11. Nxc6 bxc6 12. e5 d5 13. Na4 Ne7 14. c4 Nf5 15. cxd5 cxd5 {½-½ (69) Edouard,R (2642)-Movsesian,S (2645) Brest 2019}) 11. Nf3 $146 {[#] Hoping for Nxe5.} (11. f4 {is more complex.} Nc4 12. Qd3 Bb4 13. Bf1 Na5 14. a3) ({Predecessor:} 11. a4 Bc5 12. Bf4 d6 13. Nb3 Ba7 14. Be3 Bxe3 15. Rxe3 Nf6 {0-1 (30) Davletbayeva,M (2295)-Lei,T (2495) Abu Dhabi 2016}) 11... d6 $1 12. Nxe5 dxe5 13. Be3 Bd7 14. Nb1 O-O-O 15. Qd2 Bc6 $36 {[%mdl 2048] Black is more active.} 16. Qc3 Nf6 17. Nd2 Ng4 18. Nb3 Nxe3 19. Rxe3 b6 20. a4 a5 21. Qc4 Kb8 22. Rc3 Rc8 23. Rd1 $2 {[#]} (23. Qe2 $15) 23... Bb4 $19 24. Qxc6 Qxc6 25. Rxc6 Rxc6 26. c3 Rd6 27. Rxd6 Bxd6 {[%mdl 4096] Endgame KRB-KBN} 28. Bf1 (28. Nd2 $142) 28... Bc5 29. Nc1 f5 30. Nd3 fxe4 31. Nxe5 Rh5 32. Ng4 Rd5 33. Bc4 Rd1+ {Accuracy: White = 42%, Black = 77%.} 0-1

[Event "84th ESP-ch 2019"]
[Site "Marbella"]
[Date "2019.11.20"]
[Round "5.3"]
[White "Gines Esteo, Pedro Antonio"]
[Black "Perez Candelario, Manuel"]
[Result "1/2-1/2"]
[WhiteElo "2463"]
[BlackElo "2623"]
[Annotator "TA"]
[PlyCount "74"]
[EventDate "2019.11.16"]
[EventType "swiss"]
[EventCountry "ESP"]
[SourceTitle "playchess.com"]
[Source "ChessBase"]
[SourceQuality "1"]

{[%evp 16,74,0,0,21,18,18,0,6,0,0,-6,0,0,0,0,12,12,8,0,0,0,0,0,0,0,0,0,0,0,0,0,0,-29,-40,-39,66,77,64,42,138,0,0,0,0,0,0,0,0,0,0,0,0,0,0,0,0,0,0,0,0]} 1. Nf3 g6 2. d4 Bg7 3. g3 d6 4. Bg2 Nd7 5. O-O e5 6. e4 Ngf6 7. dxe5 dxe5 8. Nbd2 O-O 9. b3 Qe7 {A49: 1 d4 Nf6 2 Nf3 g6 3 g3: Anti-King's Indian systems} (9... b6 10. Re1 Qe7 11. a4 Rd8 12. Ba3 Qe8 13. Qe2 a5 14. Rad1 Bb7 15. Qc4 Rac8 16. Bh3 Bf8 17. Bxf8 Kxf8 {½-½ (41) Aronyak,G (2353)-Harsha,B (2481) New Delhi 2019}) 10. Qe2 Rd8 11. Nc4 b6 12. Bb2 {[%cal Rf3e5]} Ba6 13. Rfd1 $146 ({Predecessor:} 13. a4 Ne8 14. a5 Nd6 15. Nfd2 Nxc4 16. bxc4 Qb4 17. Rfb1 {1-0 (41) Abolianin,A (2360)-Cluyts,M (2020) Belgium 2001}) 13... Ne8 14. Nfd2 Nd6 15. Bf1 Qe6 16. a4 Nc5 17. Qe3 Nxc4 18. Bxc4 Bxc4 19. Nxc4 Rxd1+ 20. Rxd1 Nxa4 21. Ba3 b5 22. Na5 Nb6 23. Qd3 a6 24. c4 bxc4 25. bxc4 c5 (25... Bf6 $15 26. Qc2 Rb8) 26. Bxc5 $14 {[#] aiming for Qb3.} Na4 27. Ba3 {c5 is the strong threat.} Rc8 (27... Qc8 $14) 28. Qd7 (28. Qb3 $16 Qe8 29. Nb7) 28... Qxd7 {The position is equal.} 29. Rxd7 Bf8 30. Bxf8 Kxf8 $11 {[%mdl 4096] Endgame KRN-KRN} 31. Rd6 Nb2 32. Rxa6 Nxc4 33. Nxc4 Rxc4 {KR-KR} 34. f3 Rc1+ 35. Kg2 Rc2+ 36. Kg1 Kg7 37. h4 h5 {Accuracy: White = 61%, Black = 57%.} 1/2-1/2